Statistiques concernant League of Legends (LoL) - Objets Basiques

Cliquez ici pour prendre le quiz!

Statistiques générales

  • Ce quiz a été pris 62 fois
    (56 depuis la dernière actualisation)
  • Le résultat moyen est 8 sur 15

Statistiques - réponses

PrixObjet Basique% Correct
350Épée longue
79%
300Dague
75%
300Armure d'étoffe
69%
400Cristal de rubis
69%
1250Baguette trop grosse
62%
400Tome d'amplification
60%
1300BF Glaive
58%
875Pioche
50%
300Collier rafraîchissant
46%
850Baguette explosive
44%
350Cristal de saphir
40%
450Cape de néant
38%
600Cape d'agilité
37%
250Charme féerique
23%
250Poussière luisante
15%

Distribution des résultats

Percentile par nombre de réponses

% des personnes avec chaque résultat

Votre développement - résultats

Vous n’avez pas pris ce quiz depuis la dernière actualisation